Toute les races de chien en B (sans image) - Statistiques

Statistiques générales
  • Ce quiz a été pris 53 fois
  • Le résultat moyen est 48 sur 86
Statistiques - réponses
Réponse % Correct
15 Berger allemand
95%
16 Berger australien
95%
17 Berger australien miniature
95%
18 Berger belge groenendael
95%
19 Berger belge laekenois
95%
20 Berger belge malinois
95%
21 Berger belge tervueren
95%
22 Berger blanc suisse
95%
23 Berger catalan
95%
24 Berger Créole
95%
25 Berger d'anatolie
95%
26 Berger d'asie centrale
95%
28 Berger de bergame
95%
29 Berger de brie
95%
30 Berger de l'atlas
95%
31 Berger de marenne et des abruzzes
95%
32 Berger de russie
95%
33 Berger des pyrénées
95%
34 Berger des shetland ou sheltie
95%
27 Berger d'islande
95%
35 Berger du caucase
95%
36 Berger du karst
95%
37 Berger finnois de laponie
95%
38 Berger hollandais
95%
39 Berger picard
95%
40 Berger polonais de plaine
95%
41 Berger polonais de podhale
95%
42 Berger portugais
95%
43 Berger yougoslave
95%
57 Bouvier australien
69%
58 Bouvier bernois
69%
59 Bouvier d'appenzell
69%
60 Bouvier de l'entlebuch
69%
61 Bouvier des ardennes
69%
62 Bouvier des flandres
69%
44 Bichon à poil frisé
59%
45 Bichon bolonais
59%
46 Bichon havanais
59%
47 Bichon maltais
59%
55 Bouledogue américain
59%
56 Bouledogue français
59%
10 Beagle
54%
11 Beagle-harrier
54%
5 Basset artésien normand
46%
7 Basset des alpes
46%
6 Basset de Westphalie
46%
8 Basset fauve de bretagne
46%
9 Basset hound
46%
63 Boxer
46%
85 Bulldog anglais
46%
86 Bullmastiff
46%
84 Bull terrier
46%
69 Braque allemand à poil court
41%
70 Braque d'auvergne
41%
71 Braque de brugos
41%
72 Braque de l'ariège
41%
73 Braque de Weimar
41%
74 Braque du bourbonnais
41%
75 Braque français
41%
76 Braque hongrois à poil court
41%
77 Braque hongrois à poil dur
41%
78 Braque italien
41%
79 Braque saint-germain
41%
80 Braque slovaque à poil dur
41%
13 Beauceron
38%
52 Border collie
33%
53 Border terrier
33%
4 Basenji
21%
3 Barzoï
18%
50 Bobtail
15%
54 Boston terrier
10%
2 Barbu tchèque
8%
14 Bedlington terrier
8%
48 Billy
8%
64 Brachet allemand
8%
65 Brachet autrichien
8%
66 Brachet de styrie à poil dur
8%
67 Brachet polonais
8%
68 Brachet tyrolien
8%
82 Broholmer
8%
1 Barbet
5%
12 Bearded collie
5%
81 Briquet griffon vendéen
5%
83 Buhund norvégien
5%
49 Black and tan coonhound
3%
51 Boerbull
0%
Aucun quiz correspondant
Distribution des résultats
% des personnes avec chaque résultat
Percentile par nombre de réponses
Votre historique - résultats
Vous n’avez pas pris ce quiz